|
|
|
|
| LEADER |
02989nam a2200733 i 4500 |
| 001 |
nkc20183028210 |
| 003 |
CZ PrNK |
| 005 |
20190219093913.0 |
| 007 |
ta |
| 008 |
180921s2018 xr ach f 001 0dcze |
| 015 |
|
|
|a cnb003028210
|
| 020 |
|
|
|a 978-80-7422-636-6
|q (NLN ;
|q vázáno) :
|c Kč 269,00
|
| 035 |
|
|
|a (OCoLC)1066054542
|
| 040 |
|
|
|a ABA001
|b cze
|e rda
|
| 041 |
0 |
|
|a cze
|b eng
|
| 043 |
|
|
|a e-xr---
|
| 045 |
|
|
|a x1x1
|
| 072 |
|
7 |
|a 323
|x Vnitropolitický vývoj, politický život
|2 Konspekt
|9 15
|
| 080 |
|
|
|a 323.17(436+439)
|2 MRF
|
| 080 |
|
|
|a 323.26:061
|2 MRF
|
| 080 |
|
|
|a 355.425:061
|2 MRF
|
| 080 |
|
|
|a 930.1:303.833.5
|2 MRF
|
| 080 |
|
|
|a 930
|2 MRF
|
| 080 |
|
|
|a (437.3)
|2 MRF
|
| 080 |
|
|
|a (093)
|2 MRF
|
| 080 |
|
|
|a (0:82-94)
|2 MRF
|
| 080 |
|
|
|a (0.072)
|2 MRF
|
| 245 |
0 |
0 |
|a Ve službách Maffie? :
|b český domácí protirakouský odboj (1914-1918) v zrcadle ego-dokumentů /
|c Jan Hálek, Boris Mosković (eds.)
|
| 246 |
3 |
0 |
|a Český domácí protirakouský odboj (1914-1918) v zrcadle ego-dokumentů
|
| 250 |
|
|
|a Vydání první
|
| 264 |
|
1 |
|a Praha :
|b Masarykův ústav a Archiv AV ČR, v.v.i. :
|b NLN, Nakladatelství Lidové noviny,
|c 2018
|
| 300 |
|
|
|a 220 stran :
|b ilustrace, portréty, faksimile ;
|c 25 cm
|
| 336 |
|
|
|a text
|b txt
|2 rdacontent
|
| 337 |
|
|
|a bez média
|b n
|2 rdamedia
|
| 338 |
|
|
|a svazek
|b nc
|2 rdacarrier
|
| 490 |
1 |
|
|a Ego : paměti, deníky, korespondence
|
| 504 |
|
|
|a Obsahuje bibliografii, bibliografické odkazy a rejstříky
|
| 546 |
|
|
|a Anglické resumé
|
| 610 |
2 |
7 |
|a Maffie (odbojová organizace)
|7 ko2015881472
|2 czenas
|
| 648 |
|
7 |
|a 1914-1918
|7 ch460644
|2 czenas
|
| 650 |
0 |
7 |
|a protirakouský odboj
|7 ph115903
|z Česko
|y 1914-1918
|2 czenas
|
| 650 |
0 |
7 |
|a odbojové organizace
|7 ph868439
|z Česko
|y 1914-1918
|2 czenas
|
| 650 |
0 |
7 |
|a interpretace dějin
|7 ph627521
|z Česko
|y 1914-1918
|2 czenas
|
| 650 |
0 |
7 |
|a protirakouský odboj
|7 ph115903
|x historiografie
|2 czenas
|
| 650 |
0 |
9 |
|a anti-Habsburg resistance
|z Czechia
|y 1914-1918
|2 eczenas
|
| 650 |
0 |
9 |
|a resistance organizations
|z Czechia
|y 1914-1918
|2 eczenas
|
| 650 |
0 |
9 |
|a interpretation of history
|z Czechia
|y 1914-1918
|2 eczenas
|
| 650 |
0 |
9 |
|a anti-Habsburg resistance
|x historiography
|2 eczenas
|
| 653 |
0 |
|
|a ego-dokumenty
|
| 655 |
|
7 |
|a prameny
|7 fd131865
|2 czenas
|
| 655 |
|
7 |
|a autobiografické vzpomínky
|7 fd131854
|2 czenas
|
| 655 |
|
7 |
|a komentovaná vydání
|7 fd132577
|2 czenas
|
| 655 |
|
9 |
|a sources
|2 eczenas
|
| 655 |
|
9 |
|a autobiographical reminiscences
|2 eczenas
|
| 655 |
|
9 |
|a annotated editions
|2 eczenas
|
| 700 |
1 |
|
|a Hálek, Jan,
|d 1976-
|7 mzk2004221700
|4 edt
|
| 700 |
1 |
|
|a Mosković, Boris,
|d 1990-
|7 xx0213065
|4 edt
|
| 830 |
|
0 |
|a Ego
|0 s
|
| 910 |
2 |
|
|a BOA001
|b 2-1420.562
|
| 928 |
9 |
|
|a Nakladatelství Lidové noviny
|
| 990 |
|
|
|a BK
|
| 995 |
|
|
|a 01
|
| 996 |
6 |
|
|b 2610765793
|c 2-1420.562
|l MZK
|r Sklad / do 1 hodiny
|n 0
|p p.v.
|w 001699984
|u 000010
|a 1
|e BOA001
|j MZK50
|s P
|
| 996 |
7 |
|
|b 2610771876
|c 2-1420.562
|l MZK
|r Sklad / do 1 hodiny
|n 5
|p kup
|w 001699984
|u 000020
|a 1
|e BOA001
|j MZK50
|s A
|